| 000 | 00700nam a2200157 a 4500 | ||
|---|---|---|---|
| 001 | 000029769 | ||
| 005 | 20200930055806.0 | ||
| 008 | 110425s2007 dr d 000 0 spa d | ||
| 040 |
_aDO-SdBNP _bspa _cBNPHU |
||
| 082 |
_axxx _bR426r |
||
| 110 | 1 |
_aRepública Dominicana _bJunta Central Electoral _bCámara Administrativa _922205 |
|
| 245 | 1 | 0 |
_aResultados de la supervisión y fiscalización de las primarias internas de electores del Partido Reformista Social Cristiano PRSC / _cpresentación Roberto Rosario Márquez. |
| 260 |
_aSanto Domingo : _bCámara Administrativa : _bDirección Nacional de Elecciones, _c2007. |
||
| 300 |
_a28 p. : _bdiagrs. ; _c28 cm. |
||
| 700 | 1 |
_aRosario Márguez, Roberto _956535 |
|
| 999 |
_c29261 _d29261 |
||